000 00528nam a22001695i 4500
001 154413
003 ES-MaACL
005 20230906205722.0
008 940202s1874 sp |||| | spa d
040 _aCAM
_bspa
100 1 _aGómez de Arteche, José.
_957884
245 1 3 _aUn soldado español de veinte siglos
_b: relacion verídica /
_cpor José Gomez Arteche.
260 _aMadrid :
_b[s.n.],
_c1874 (
_fImprenta R. Labajos)
300 _a502 p. ;
_c23 cm.
597 _aAntep.
852 _aES-MaACL
_jC-42
_z-- Enc. hol.
999 _c154413
_d154413